Oktatási helyzetkép több pedagógus, javuló feltételek a járásban
Elmentve itt :
| Dokumentumtípus: | Cikk |
|---|---|
| Megjelent: |
1978-01-26
|
| Sorozat: | Délmagyarország
68 No. 22 |
| Kulcsszavak: | Szegedi járás, Oktatás Szegedi járás |
| Online Access: | http://dmarchiv.bibl.u-szeged.hu/85189 |
| LEADER | 00472nab a2200145 i 4500 | ||
|---|---|---|---|
| 001 | delm85189 | ||
| 005 | 20190520120830.0 | ||
| 008 | 190520s1978 hu o 0|| hun d | ||
| 040 | |a SZTE Délmagyarország Archívum |b hun | ||
| 041 | |a hun | ||
| 245 | 0 | 0 | |a Oktatási helyzetkép |h [elektronikus dokumentum] : |b több pedagógus, javuló feltételek a járásban |
| 260 | |c 1978-01-26 | ||
| 300 | |a 5 | ||
| 490 | 0 | |a Délmagyarország |v 68 No. 22 | |
| 695 | |a Szegedi járás, Oktatás Szegedi járás | ||